000 00599cam a22002053a 4500
001 45848
003 PGUSA
005 20140828084051.0
008 140531s2014||||xxu|||||s|||||000 | eng d
040 _aPGUSA
_beng
042 _adc
100 1 _aZahm, John Augustine,
_d1851-1921
245 1 0 _aUp the Orinoco and down the Magdalena
_h[electronic resource] /
_cJohn Augustine Zahm
260 _bProject Gutenberg,
_c2014
506 _aPublic domain in the USA.
516 _aElectronic text
830 0 _aProject Gutenberg
_v45848
856 4 0 _uhttp://www.gutenberg.org/ebooks/45848
942 _cEB
999 _c275098
_d275098